Mots français provenant de personnage de la mythologie grecque - Statistiques

Statistiques générales
  • Ce quiz a été pris 82 fois
  • Le résultat moyen est 6 sur 12
Statistiques - réponses
Hint Réponse % Correct
Une Personne ayant un amour de soi même très développé Narcissique
89%
Nous tombons dans ses bras lorsque nous dormons Morphée
86%
Se dit d'un être étant mi-femelle mi-mâle Hermaphrodite
70%
Se dit d'une très grande force Herculéen
67%
Lieux ou nous avons de fort risque de nous égarer Dédale
51%
Recueil de carte Atlas
49%
Répétition sonore Écho
49%
L'ennemi ultime Némésis
37%
Qui a un attachement particulier a un de ses parent Œdipien
37%
Conseiller, guide Mentor
22%
Jeune homme d'une grande beauté Adonis
18%
Affolement, débandade, effroi, épouvante, frayeur Panique
8%
Aucun quiz correspondant
Distribution des résultats
% des personnes avec chaque résultat
Percentile par nombre de réponses
Votre historique - résultats
Vous n’avez pas pris ce quiz